000 00690nam a2200217Ia 4500
005 20241216010922.0
008 190212s9999||||xx |||||||||||||| ||und||
020 _a84-7615-521-2
082 _a658.5
_bK75
100 _aKOPELMAN, RICHARD E.
245 0 _aADMINISTRACION DE LA PRODUCTIVIDAD EN LAS ORGANIZACIONES
_bPERSPECTIVA PRßCTICA ORIENTADA HACIA LAS PERSONAS
250 _a0
260 _aESPA±A
_bMCGRAW-HILL/INTERAMERICAN
_c1990
300 _a362 pag
_c23 cm
341 _h55.9
490 _v0
_a0
505 _aPRODUCTIVIDAD-ORGANIZACION/TRABAJO-CAMBIO AMBIENTE
541 _aC
_bLIB. REGIONAL DEL CENTRO
_d17-Jun-97
_oSoles
650 _aCIENCIAS APLICADAS
942 _cLIBRO
999 _c27662
_d27662